000 01106cam a2200325 i 4500
001 31048
003 Mx-PuUPA
005 20250321103304.0
008 140415s2017 xxke dr 000 1 eng d
020 _a9780008264444
040 _cMx-PuUPA
_aMx-PuUPA
_bspa
_dMx-PuUPA
_erda
041 0 _aeng
043 _ae-sw---
100 1 _aLäckberg, Camilla,
_d1974-
_916885
_eautor
245 1 0 _aThe ice princess /
_cCamila Lackberg ; translated from the swedish by Steven T. Murray
250 _aThe paperback edition
264 1 _aLondon ;
_bHarper Collins Publishers,
_c2017
300 _a393 páginas :
_bilustraciones ;
_c20 cm
336 _2rdacontent
_atexto
_btxt
337 _2rdamedia
_asin medio
_bn
338 _2rdacarrier
_avolumen
_bnc
650 7 _2armarc
_aPolicía
_zSuecia
_vNovela
650 7 _2armarc
_aVida urbana
_zSuecia
_vNovela
650 7 _2armarc
_aNovela policiaca
_zSuecia
650 7 _2armarc
_aInvestigación de asesinatos
_vNovela
700 1 _aMurray, Steven T.,
_etraductor
942 _2ddc
_cLI
_h839.73
_iL28
999 _c31048
_d31048